The Effect of Digitalisation on the Supplier Side of the Conference Segment in the MICE Industry in Hungary and the UK

Bibliográfiai részletek
Szerző: Antonova Valeria
További közreműködők: Boros Kitti
Dokumentumtípus: Diplomadolgozat
Kulcsszavak:Future of MICE
Hungary
MICE
MICE digitalisation
UK
Online Access:http://dolgozattar.uni-bge.hu/60205

MARC

LEADER 00000nta a2200000 i 4500
001 dolg60205
005 20260409150132.0
008 260409suuuu hu om 000 eng d
040 |a BGE Dolgozattár Repozitórium  |b hun 
041 |a en 
100 1 |a Antonova Valeria 
245 1 4 |a The Effect of Digitalisation on the Supplier Side of the Conference Segment in the MICE Industry in Hungary and the UK  |c Antonova Valeria  |h [elektronikus dokumentum] 
520 3 |a This thesis explores how digitalisation is transforming the supplier side of the conference segment within the MICE industry in Hungary and the UK. Based on qualitative interviews, it examines how venues, organisers, and agencies adopt digital tools, respond to external challenges, and integrate sustainability. Findings show different speeds of adoption, with the UK leading in client-facing innovation, while Hungary focuses more on operational efficiency. The study concludes with practical recommendations for building competitive, flexible, and sustainable MICE services. 
695 |a Future of MICE 
695 |a Hungary 
695 |a MICE 
695 |a MICE digitalisation 
695 |a UK 
700 1 |a Boros Kitti  |e ths 
856 4 0 |u http://dolgozattar.uni-bge.hu/60205/1/Antonova%20Valeria%20Bachelor%20thesispdf.pdf  |z Dokumentum-elérés 
856 4 0 |u http://dolgozattar.uni-bge.hu/60205/2/Valeria%20Antonova_Consulent_Kitti%20Boros.pdf  |z Dokumentum-elérés 
856 4 0 |u http://dolgozattar.uni-bge.hu/60205/3/Antonova%20Valeria%20Bsc%20EN%20Consulent%20Karsai%20%C3%81rp%C3%A1d.pdf  |z Dokumentum-elérés